Locations of famous photographs - Statistics

General Stats
  • This quiz has been taken 71 times
  • The average score is 10 of 16
Answer Stats
Picture Hint Answer % Correct
"Object", 1969 The Moon
100%
City, 1945 Nagasaki
89%
Building, 1930 Empire State Building
83%
City, 1960 Havana
80%
City, 1961 Berlin
78%
Country, 1984 Pakistan
78%
Road, 1969 Abbey Road
74%
Island, 1945 Iwo Jima
72%
City, 1943 Warsaw
72%
Location in City, 1989 Tiananmen Square
68%
Location in a City, 1945 Times Square
55%
City, 1912 Southampton
46%
US State, 1937 New Jersey
43%
Country, 1826 France
42%
US State, 1996 California
26%
City, 1941 Ottawa
5%
No matching quizzes found
Score Distribution
Percent of People with Each Score
Percentile by Number Answered
Your Score History
You have not taken this quiz